| 000 | 00997cam a2200289 4500 | ||
|---|---|---|---|
| 999 |
_c1344 _d1344 |
||
| 001 | 3134509 | ||
| 003 | OSt | ||
| 005 | 20210625100718.0 | ||
| 008 | 730508s1973 moua b 001 0 eng | ||
| 010 | _a 72090106 | ||
| 020 | _a0801643538 | ||
| 040 |
_aDLC _cDLC _dICU _dDLC |
||
| 050 | 0 | 0 |
_aQP34.5 _b.S36 1973 |
| 082 | 0 | 0 | _a612 |
| 100 | 1 | _aSchottelius, Byron A. | |
| 245 | 1 | 0 |
_aTextbook of physiology _c[by] Byron A. Schottelius [and] Dorothy D. Schottelius. |
| 250 | _a17th ed. | ||
| 260 |
_aSaint Louis, _bMosby, _c1973. |
||
| 300 |
_aix, 590 p. _billus. _c25 cm. |
||
| 500 | _aFirst-13th ed., by W. D. Zoethout (7th-13th, with W. W. Tuttle); 14th-16th ed., by W. W. Tuttle and B. A. Schottelius. | ||
| 504 | _aIncludes bibliographies. | ||
| 650 | 0 | _aHuman physiology. | |
| 700 | 1 |
_aSchottelius, Dorothy D., _ejoint author. |
|
| 700 | 1 |
_aTuttle, W. W. _q(Waid Wright), _d1893-1969. _tTextbook of physiology. |
|
| 906 |
_a7 _bcbc _corignew _d2 _eopcn _f19 _gy-gencatlg |
||
| 942 |
_2lcc _cBK _nJE |
||